History Quiz

Random History or Famous Quiz

Famous Historical 'S' First Names Quiz Stats

Quiz Updated Oct 10, 2015

Challenge
Share
Tweet
Embed
Score 0/30 Timer 05:00
8 Plays Today
% Correct
Sean
98.7%
Sigmund
98.2%
Sarah
97.6%
Saddam
97.5%
Salvador
97.3%
Steve
95.6%
Shirley
92.3%
Shania
91.5%
Stanley
91.1%
Sugar
90.3%
Sophia
88.9%
Steffi
88.4%
Susan
88.3%
Sidney
87.7%
Siddhārtha
86.6%
% Correct
Salman
85.6%
Sally
85.6%
Simón
82.5%
Sylvia
81%
Silvio
79.8%
Simone
75.7%
Søren
75.1%
Slobodan
74.5%
Stephen
72.2%
Stanisław
72.1%
Sergei
70.1%
Sonja
69.7%
Sojourner
69.5%
Sandro
61.2%
Sophie
39.4%

You're not logged in!

Compare scores with friends on all Sporcle quizzes.
Sign Up with Email
OR
Log In

You Might Also Like...

Show Comments

Extras

Top Quizzes Today


Score Distribution

Your Account Isn't Verified!

In order to create a playlist on Sporcle, you need to verify the email address you used during registration. Go to your Sporcle Settings to finish the process.